| 000 | 00412cam a22001217a 4500 | ||
|---|---|---|---|
| 008 | 180718b1979 xxu||||| |||| 00| 0 eng d | ||
| 082 | _aA81x54 In2/71/17/PT2C/2 | ||
| 100 | _aCensus of India 1971 | ||
| 245 | _aPunjab: social and cultural tables and fertility tables | ||
| 260 |
_aDelhi _bThe Controller of Publications _c1979 |
||
| 300 | _a195+p. | ||
| 440 | _aCensus of India 1971. Series-17, Punjab. Part-IIC (ii) | ||
| 999 |
_c485399 _d485399 |
||